000 00501nam a2200169Ia 4500
008 191130s2006##################000#0#eng##
020 _a9781843764052
040 _aACL
_cACL
082 _a330
245 _aKnowledge, beliefs and economics
_cedited by Richard Arena and Agnes Festre
260 _aCheltenham, UK ; Northampton, MA, USA
_bEdward Elgar
_c2006
300 _aix, 278 p
700 _aArena, Richard
990 _a53cd2c4bac10000c0226af64507f7a0e
991 _a26630
999 _c227072
_d227072